| 000 | 00401nam a2200145 i 4500 | ||
|---|---|---|---|
| 001 | 90091 | ||
| 003 | ES-MaACL | ||
| 007 | t| | ||
| 008 | 050118s1902 fr ||||1| fre d | ||
| 100 | 1 |
_aLechalas, Georges. _971065 |
|
| 245 | 1 | 0 |
_aEtudes esthétiques / _cpar Georges Lechalas. |
| 260 |
_aParis : _b[s.n., _c1902] ( _eLaval : _fL. Barnéoud) |
||
| 300 |
_a306 p. ; _c23 cm. |
||
| 852 |
_aES-MaACL _jB-6830 |
||
| 999 |
_c90091 _d90091 |
||